000 00383 a2200169 4500
001 190259
020 _a85-16-03641-3
040 _cMagnum
100 _aQueirós, Bartolomeu Campos de
240 1 0 _aAté passarinho passa
_lpor
245 1 0 _aAté passarinho passa
300 _a29
362 0 _a2003
440 1 _aModerna
697 _aLITERATURA INFANTO-JUVENIL
942 _cBK
999 _c190259
_d190259